Dér Endre
Elmentve itt :
| Szerző: | |
|---|---|
| Dokumentumtípus: | Cikk |
| Megjelent: |
1977-05-22
|
| Sorozat: | Délmagyarország
67 No. 119 |
| Kulcsszavak: | Dér Endréről szóló írások |
| Online Access: | http://dmarchiv.bibl.u-szeged.hu/93215 |
| LEADER | 00444nab a2200157 i 4500 | ||
|---|---|---|---|
| 001 | delm93215 | ||
| 005 | 20190529104042.0 | ||
| 008 | 190529s1977 hu o 0|| hun d | ||
| 040 | |a SZTE Délmagyarország Archívum |b hun | ||
| 041 | |a hun | ||
| 100 | 1 | |a Petri Ferenc | |
| 245 | 1 | 0 | |a Dér Endre |h [elektronikus dokumentum] / |c Petri Ferenc |
| 260 | |c 1977-05-22 | ||
| 300 | |a 5 | ||
| 490 | 0 | |a Délmagyarország |v 67 No. 119 | |
| 695 | |a Dér Endréről szóló írások | ||